Statistics for U.S. Corporate Mergers Quiz

Click here to take the quiz!

General Stats

  • This quiz has been taken 13,177 times
    (10,718 since last reset)
  • The average score is 8 of 20

Answer Stats

YearCompanyMerged With ...% Correct
2012InstagramFacebook
90%
2006PixarDisney
84%
2006YouTubeGoogle
83%
1997HotmailMicrosoft
50%
2008Northwest AirlinesDelta
46%
1998MobilExxon
46%
2013TumblrYahoo
46%
2010Continental AirlinesUnited Airlines
41%
2008XMSirius
37%
2002CompaqHP
32%
2000Time WarnerAOL
30%
2003Kinko'sFed Ex
29%
1998Daimler BenzChrysler
28%
2005NextelSprint
26%
2009ZapposAmazon.com
25%
2005SearsKMart
21%
1986NBCGE
14%
2008Anheuser-BuschInbev
12%
1985RJRNabisco
10%
1997WorldcomMCI
7%

Score Distribution

Percentile by Number Answered

Percent of People with Each Score

Your Score History

You have not taken this quiz since the last reset